000
00310nam a22001457a 4500
008
231102b ||||| |||| 00| 0 eng d
020
_a
2800816512975
041
_a
eng
080
_a
521
082
_a
521SON
100
_a
19
101
_a
ASTRO
245
_a
THE SUN IN TIME
_c
SONETT.P.C
942
_2
udc
_c
BK
999
_c
60490
_d
60490